[Event "Frauenbundesliga 2011-12"]
[Site "Germany GER"]
[Date "2011.11.26"]
[Round "3.1"]
[White "Jaracz, Barbara"]
[Black "Schmidt, Jessica"]
[Result "1/2-1/2"]
[WhiteElo "2272"]
[BlackElo "2265"]
[PlyCount "86"]
[EventDate "2011.10.29"]
[EventType "team-tourn"]
[EventCountry "GER"]
[WhiteTeamCountry "GER"]
[BlackTeamCountry "GER"]

1. e4 e5 2. Nf3 Nc6 3. Bb5 a6 4. Ba4 Nf6 5. O-O b5 6. Bb3 Be7 7. Re1 O-O 8. a4
Bb7 9. d3 d6 10. Nc3 b4 11. Ne2 Nd7 12. Ng3 Rb8 13. Nf5 Nc5 14. Ba2 Ne6 15. c3
bxc3 16. bxc3 Bf6 17. Rb1 Bc8 18. Rxb8 Nxb8 19. d4 Nd7 20. h3 a5 21. Ne3 exd4
22. cxd4 Nb6 23. Nc4 Nxc4 24. Bxc4 Ng5 25. e5 Nxf3+ 26. Qxf3 dxe5 27. dxe5 Qe8
28. Qc3 Be7 29. Qxa5 Qc6 30. Qb5 Qg6 31. Bd3 Bf5 32. Bxf5 Qxf5 33. a5 Ra8 34.
Be3 Qe6 35. Rc1 c5 36. Bxc5 Bxc5 37. Qxc5 h6 38. f4 Qa2 39. f5 Rxa5 40. Qc8+
Kh7 41. f6 Rxe5 42. fxg7 Kxg7 43. Qg4+ Rg5 1/2-1/2

[Event "Frauenbundesliga 2011-12"]
[Site "Germany GER"]
[Date "2011.11.26"]
[Round "3.4"]
[White "Lauterbach, Ingrid"]
[Black "Schulz,A1"]
[Result "1-0"]
[WhiteElo "2063"]
[BlackElo "1819"]
[PlyCount "101"]
[EventDate "2011.10.29"]
[EventType "team-tourn"]
[EventCountry "GER"]
[WhiteTeam "Karlsruher SF 1853"]
[BlackTeam "SV Chemie Guben 1990"]
[WhiteTeamCountry "GER"]
[BlackTeamCountry "GER"]

1. Nf3 Nc6 2. g3 d6 3. Bg2 g6 4. O-O Bg7 5. d4 e5 6. d5 Nce7 7. c4 Nf6 8. Nc3
O-O 9. e4 Ne8 10. Re1 f5 11. exf5 gxf5 12. Ng5 Nf6 13. f4 e4 14. Nb5 h6 15. Nh3
a6 16. Nd4 c6 17. dxc6 bxc6 18. Nf2 d5 19. cxd5 cxd5 20. Be3 Rb8 21. b3 Ne8 22.
Qd2 Nd6 23. Rac1 Bd7 24. Rc5 Nb5 25. Rec1 Rc8 26. Bf1 Rxc5 27. Rxc5 Nxd4 28.
Bxd4 Bxd4 29. Qxd4 Nc6 30. Qxd5+ Kg7 31. Qd2 Qe7 32. Qc3+ Qf6 33. Nd1 Qxc3 34.
Rxc3 Nb4 35. Rc7 Rd8 36. Ne3 Kg6 37. Nc4 Bb5 38. Ne5+ Kf6 39. Bxb5 axb5 40. a3
Nd3 41. Rc6+ Kg7 42. Rg6+ Kh7 43. Rxh6+ Kxh6 44. Nf7+ Kg6 45. Nxd8 Nc1 46. a4
Nxb3 47. axb5 Nc5 48. Kf2 Nd7 49. Nc6 Kf6 50. h3 Ke6 51. Nd4+ 1-0

[Event "Frauenbundesliga 2011-12"]
[Site "Germany GER"]
[Date "2011.11.26"]
[Round "3.5"]
[White "Schott, Peggy"]
[Black "Kiefhaber, Veronika"]
[Result "0-1"]
[WhiteElo "1810"]
[BlackElo "2217"]
[PlyCount "76"]
[EventDate "2011.10.29"]
[EventType "team-tourn"]
[EventCountry "GER"]
[WhiteTeamCountry "GER"]
[BlackTeamCountry "GER"]

1. d4 Nf6 2. c4 g6 3. Nc3 Bg7 4. e4 d6 5. Nf3 O-O 6. Be2 Na6 7. a3 e5 8. dxe5
dxe5 9. Qxd8 Rxd8 10. Bg5 Re8 11. Bxf6 Bxf6 12. b4 c6 13. c5 Nc7 14. Bc4 a5 15.
O-O Ne6 16. Bxe6 Bxe6 17. h3 Red8 18. Na4 Rd3 19. Nb6 Rad8 20. Kh2 Rb3 21. bxa5
Rb5 22. Rac1 Rxa5 23. a4 Kg7 24. Rfe1 Be7 25. Nxe5 Bxc5 26. Nec4 Ra6 27. a5
Bxf2 28. Red1 Rxd1 29. Rxd1 Bxb6 30. Nxb6 Rxa5 31. Rb1 Kf6 32. Rb4 Rb5 33. Rxb5
cxb5 34. Kg3 Ke5 35. Kf3 Kd4 36. g4 Kc5 37. Na8 Kc6 38. Ke3 b6 0-1

[Event "Frauenbundesliga 2011-12"]
[Site "Germany GER"]
[Date "2011.11.26"]
[Round "3.2"]
[White "Kachiani Gersinska, Ketino"]
[Black "Goehler, Antje"]
[Result "1-0"]
[WhiteElo "2319"]
[BlackElo "2134"]
[PlyCount "95"]
[EventDate "2011.10.29"]
[EventType "team-tourn"]
[EventCountry "GER"]
[WhiteTeam "OSG Baden Baden"]
[BlackTeam "SC Rotation Pankow"]
[WhiteTeamCountry "GER"]
[BlackTeamCountry "GER"]

1. d4 d5 2. c4 e6 3. Nf3 c5 4. cxd5 exd5 5. g3 Nc6 6. Bg2 Nf6 7. O-O Be7 8.
dxc5 Bxc5 9. Qc2 Ne4 10. Nc3 Nb4 11. Qa4+ Bd7 12. Qd1 Bc6 13. Ne5 Qf6 14. Nxe4
dxe4 15. Nxc6 Qxc6 16. Bd2 Rd8 17. a3 Na6 18. Rc1 O-O 19. b4 Qd5 20. bxc5 Qxd2
21. Qxd2 Rxd2 22. Bxe4 Rxe2 23. Bxb7 Nc7 24. Rfd1 Rb8 25. Bf3 Re7 26. Rb1 Rxb1
27. Rxb1 Na6 28. c6 g6 29. Kf1 Kg7 30. Rb7 Rxb7 31. cxb7 Kf6 32. Ke2 Ke5 33.
Kd3 f6 34. h4 Nb8 35. Kc4 Kd6 36. h5 gxh5 37. Bxh5 Nd7 38. f4 Nb8 39. Bf3 Na6
40. Kd4 Nb8 41. Be4 h6 42. Bf3 Na6 43. Ke4 Ke6 44. Bg4+ Ke7 45. Kf5 Kf7 46.
Bh5+ Kg7 47. Be2 Nb8 48. Ke6 1-0

[Event "Frauenbundesliga 2011-12"]
[Site "Germany GER"]
[Date "2011.11.26"]
[Round "3.3"]
[White "Schulz, Stefanie"]
[Black "Klink, Tamara"]
[Result "1/2-1/2"]
[WhiteElo "2075"]
[BlackElo "2306"]
[PlyCount "92"]
[EventDate "2011.10.29"]
[EventType "team-tourn"]
[EventCountry "GER"]
[WhiteTeamCountry "GER"]
[BlackTeamCountry "GER"]

1. e4 c5 2. c4 Nc6 3. Nc3 g6 4. g3 Bg7 5. Bg2 d6 6. Nge2 e6 7. O-O Nge7 8. d3
O-O 9. Be3 Nd4 10. Qd2 Nec6 11. Bg5 Qb6 12. Nxd4 Nxd4 13. b3 Re8 14. Rad1 Bd7
15. h3 a6 16. Ne2 Nxe2+ 17. Qxe2 Qc7 18. Be3 e5 19. a4 Bc6 20. Ra1 b6 21. Ra2
h6 22. Qd2 Kh7 23. b4 a5 24. b5 Bb7 25. f3 Re7 26. Qe1 Rf8 27. g4 f5 28. Qh4 f4
29. Bc1 Bf6 30. Qf2 Rg7 31. Bd2 Qe7 32. Be1 h5 33. Kh2 Rh8 34. Rh1 Kg8 35. Kg1
Rgh7 36. Re2 Bc8 37. Rc2 Rh6 38. Qe2 Be6 39. Bf1 Qh7 40. Rh2 hxg4 41. hxg4 Bh4
42. Bxh4 Rxh4 43. Qg2 Rxh2 44. Qxh2 Qe7 45. Qf2 Qg5 46. Bg2 Kg7 1/2-1/2

[Event "Frauenbundesliga 2011-12"]
[Site "Germany GER"]
[Date "2011.11.26"]
[Round "3.4"]
[White "Tammert, Iamze"]
[Black "Mai, Iris"]
[Result "1-0"]
[WhiteElo "2290"]
[BlackElo "2115"]
[PlyCount "79"]
[EventDate "2011.10.29"]
[EventType "team-tourn"]
[EventCountry "GER"]
[WhiteTeam "OSG Baden Baden"]
[BlackTeam "SC Rotation Pankow"]
[WhiteTeamCountry "GER"]
[BlackTeamCountry "GER"]

1. c4 Nf6 2. Nc3 c6 3. d4 d5 4. cxd5 cxd5 5. Nf3 e6 6. Ne5 Be7 7. Bg5 O-O 8. e3
Nfd7 9. Bxe7 Qxe7 10. Nd3 Nc6 11. Be2 b6 12. Qa4 Bb7 13. O-O a6 14. Rfc1 Qd6
15. Bf3 f5 16. Qb3 Kh8 17. Na4 Rab8 18. Rc3 f4 19. Rac1 fxe3 20. fxe3 Na5 21.
Qb4 Qxb4 22. Nxb4 Nc4 23. b3 Nd6 24. Rc7 Rbc8 25. R1c2 Rxc7 26. Rxc7 Rd8 27.
Bg4 a5 28. Nc6 Bxc6 29. Rxc6 Nf6 30. Bxe6 b5 31. Nc3 g6 32. g4 a4 33. Nxd5 Nfe4
34. bxa4 bxa4 35. Nc3 Ng5 36. Bd5 a3 37. h4 Ngf7 38. Kg2 g5 39. h5 Rb8 40. e4
1-0

[Event "Frauenbundesliga 2011-12"]
[Site "Germany GER"]
[Date "2011.11.26"]
[Round "3.6"]
[White "Bochis, Julia"]
[Black "Wolf, Sylvia"]
[Result "1/2-1/2"]
[WhiteElo "2108"]
[BlackElo "2073"]
[PlyCount "96"]
[EventDate "2011.10.29"]
[EventType "team-tourn"]
[EventCountry "GER"]
[WhiteTeam "OSG Baden Baden"]
[BlackTeam "SC Rotation Pankow"]
[WhiteTeamCountry "GER"]
[BlackTeamCountry "GER"]

1. e4 c5 2. Ne2 e5 3. g3 d5 4. Bg2 dxe4 5. Nbc3 f5 6. O-O Nf6 7. d3 exd3 8.
cxd3 Nc6 9. Re1 Nb4 10. Nf4 Bd6 11. Qb3 Kf8 12. Bxb7 Rb8 13. Bxc8 Qxc8 14. Ne6+
Ke7 15. Ng5 c4 16. dxc4 h6 17. c5 hxg5 18. cxd6+ Kxd6 19. Bxg5 Nd3 20. Nb5+
Rxb5 21. Qxb5 Nxe1 22. Rxe1 e4 23. Rd1+ Ke7 24. Qe5+ Kf7 25. Rc1 Qb8 26. Qxf5
Re8 27. Bf4 Qxb2 28. Rc7+ Re7 29. Rxe7+ Kxe7 30. Qc5+ Ke6 31. Qxa7 Qb1+ 32. Kg2
Qd3 33. Qb6+ Kf5 34. Qe3 Qc2 35. a3 Nd5 36. Qd2 Qb3 37. Bd6 Qf3+ 38. Kg1 e3 39.
Qc2+ Ke6 40. Bc5 e2 41. Qd2 g5 42. h3 Qe4 43. Qe1 Qd3 44. Be3 Nxe3 45. fxe3
Qxe3+ 46. Kg2 Kd5 47. a4 Ke4 48. a5 Qf3+ 1/2-1/2

[Event "Frauenbundesliga 2011-12"]
[Site "Germany GER"]
[Date "2011.11.26"]
[Round "3.1"]
[White "Bodnaruk, Anastasia"]
[Black "Gaponenko, Inna"]
[Result "1-0"]
[WhiteElo "2417"]
[BlackElo "2445"]
[PlyCount "87"]
[EventDate "2011.10.29"]
[EventType "team-tourn"]
[EventCountry "GER"]
[WhiteTeamCountry "GER"]
[BlackTeamCountry "GER"]

1. e4 c5 2. Nf3 g6 3. d4 Bg7 4. Nc3 cxd4 5. Nxd4 Nc6 6. Be3 Nf6 7. Bc4 O-O 8.
Bb3 d6 9. f3 Nxd4 10. Bxd4 Be6 11. Qd2 Rc8 12. O-O-O Bxb3 13. cxb3 d5 14. e5
Nd7 15. Rhe1 e6 16. Kb1 a6 17. g4 Rc6 18. g5 Qc7 19. Qe3 b5 20. h4 b4 21. Na4
Rc8 22. h5 Qb8 23. f4 Bf8 24. Rh1 Be7 25. hxg6 fxg6 26. f5 gxf5 27. g6 hxg6 28.
Rh8+ Kf7 29. Rh7+ Ke8 30. Qh6 Nf8 31. Rh8 Kf7 32. Rg1 Qc7 33. a3 g5 34. Qh5+
Kg7 35. Ka2 Rc1 36. Qh6+ Kf7 37. Qh5+ Kg7 38. Nc5 Rxc5 39. Qh6+ Kf7 40. Qh5+
Kg7 41. Rh1 Rc1 42. Rh7+ Nxh7 43. Qxh7+ Kf8 44. Qh8+ 1-0

[Event "Frauenbundesliga 2011-12"]
[Site "Germany GER"]
[Date "2011.11.26"]
[Round "3.2"]
[White "Zozulia, Anna"]
[Black "Pokorna, Regina"]
[Result "1/2-1/2"]
[WhiteElo "2377"]
[BlackElo "2359"]
[PlyCount "46"]
[EventDate "2011.10.29"]
[EventType "team-tourn"]
[EventCountry "GER"]
[WhiteTeam "Schachverein Muelheim Nord 1931"]
[BlackTeam "Rodewischer Schachmiezen"]
[WhiteTeamCountry "GER"]
[BlackTeamCountry "GER"]

1. e4 e5 2. Nf3 Nc6 3. Bb5 a6 4. Ba4 Nf6 5. O-O Be7 6. Re1 b5 7. Bb3 d6 8. c3
O-O 9. h3 Nb8 10. d4 Nbd7 11. Nbd2 Bb7 12. a4 c5 13. Qe2 Rb8 14. axb5 axb5 15.
Bc2 Re8 16. d5 Qc7 17. c4 b4 18. Nf1 Ra8 19. Bd2 Rxa1 20. Rxa1 Ra8 21. Qd1 Rxa1
22. Qxa1 Qb6 23. b3 Qa6 1/2-1/2

[Event "Frauenbundesliga 2011-12"]
[Site "Germany GER"]
[Date "2011.11.26"]
[Round "3.4"]
[White "Kalinina, Olga"]
[Black "Korenova, Martina"]
[Result "1-0"]
[WhiteElo "2288"]
[BlackElo "2220"]
[PlyCount "99"]
[EventDate "2011.10.29"]
[EventType "team-tourn"]
[EventCountry "GER"]
[WhiteTeam "Schachverein Muelheim Nord 1931"]
[BlackTeam "Rodewischer Schachmiezen"]
[WhiteTeamCountry "GER"]
[BlackTeamCountry "GER"]

1. e4 e5 2. Nf3 Nc6 3. Bc4 Nf6 4. d3 Be7 5. O-O O-O 6. Re1 d6 7. a4 Kh8 8. h3
Ng8 9. Nc3 f5 10. Bd2 f4 11. Nd5 g5 12. d4 g4 13. hxg4 Bxg4 14. dxe5 dxe5 15.
Bc3 Bd6 16. b4 Qe8 17. b5 Nd8 18. Nxe5 Bxe5 19. Qxg4 Bxc3 20. Nxc3 Qe5 21. Qf3
Ne7 22. Rad1 Nf7 23. Bxf7 Rxf7 24. Rd7 Rg7 25. Nd5 Ng6 26. Rxg7 Kxg7 27. Rd1
Rd8 28. Rd3 Qa1+ 29. Kh2 Qe5 30. Kg1 Rf8 31. Nc3 Rf7 32. Rd5 Qe6 33. Ne2 Kf8
34. Nd4 Qf6 35. Nf5 Ke8 36. Qh3 Ne5 37. Nh6 Rd7 38. Ng8 Qg5 39. Qe6+ Kf8 40.
Nf6 Nf3+ 41. Kf1 Nh2+ 42. Ke2 Rxd5 43. Nxh7+ Kg7 44. Nxg5 Rxg5 45. Qe7+ Kg6 46.
Qxc7 Rxg2 47. Qxf4 Ng4 48. Kf3 Rxf2+ 49. Kxg4 Rxf4+ 50. Kxf4 1-0

[Event "Frauenbundesliga 2011-12"]
[Site "Germany GER"]
[Date "2011.11.26"]
[Round "3.5"]
[White "Steinbacher, Claudia"]
[Black "Vovk, Oksana"]
[Result "1-0"]
[WhiteElo "2106"]
[BlackElo "2212"]
[PlyCount "97"]
[EventDate "2011.10.29"]
[EventType "team-tourn"]
[EventCountry "GER"]
[WhiteTeamCountry "GER"]
[BlackTeamCountry "GER"]

1. d4 Nf6 2. c4 e6 3. Nc3 Bb4 4. e3 O-O 5. Nge2 d5 6. a3 Be7 7. Ng3 Re8 8. Bd3
dxc4 9. Bxc4 c5 10. O-O cxd4 11. exd4 Nbd7 12. Bf4 Nb6 13. Ba2 Nbd5 14. Be5
Nxc3 15. bxc3 Nd5 16. Ne2 b6 17. c4 Nf6 18. Nc3 Ba6 19. a4 Qd7 20. Nb5 Rac8 21.
Re1 Red8 22. h3 Ne8 23. Qg4 Bf6 24. Rad1 Bxe5 25. dxe5 Qe7 26. Re3 g6 27. Red3
Rxd3 28. Rxd3 Qb4 29. Qf4 Bxb5 30. axb5 Qe7 31. Qd2 Rc7 32. Rd8 Kg7 33. Bb3 Rb7
34. Bd1 Rc7 35. Bf3 Rxc4 36. Bc6 Nf6 37. exf6+ Qxf6 38. Rd3 Qa1+ 39. Kh2 a6 40.
Rf3 Qe5+ 41. g3 Qc7 42. Qg5 f5 43. Rd3 h6 44. Qd2 Kf6 45. Rd7 Qe5 46. Qxh6 Qe2
47. Qg7+ Kg5 48. h4+ Kh5 49. Qh7+ 1-0

[Event "Frauenbundesliga 2011-12"]
[Site "Germany GER"]
[Date "2011.11.26"]
[Round "3.6"]
[White "Rudolph, Anna"]
[Black "Kubikova, Hanna"]
[Result "1-0"]
[WhiteElo "2264"]
[BlackElo "2159"]
[PlyCount "71"]
[EventDate "2011.10.29"]
[EventType "team-tourn"]
[EventCountry "GER"]
[WhiteTeam "Schachverein Muelheim Nord 1931"]
[BlackTeam "Rodewischer Schachmiezen"]
[WhiteTeamCountry "GER"]
[BlackTeamCountry "GER"]

1. e4 c5 2. Nf3 Nc6 3. d4 cxd4 4. Nxd4 Nf6 5. Nc3 e6 6. Ndb5 d6 7. Bf4 e5 8.
Bg5 a6 9. Bxf6 gxf6 10. Na3 b5 11. Nd5 Bg7 12. c3 Ne7 13. Nxe7 Qxe7 14. Nc2 Be6
15. Ne3 O-O 16. Bd3 Rfd8 17. O-O Rab8 18. Qf3 a5 19. Nd5 Bxd5 20. exd5 b4 21.
Qf5 bxc3 22. Qxh7+ Kf8 23. bxc3 Qc7 24. c4 Qc5 25. Rae1 Rb2 26. Re3 f5 27. Rg3
Bf6 28. Rg8+ Ke7 29. Rxd8 Kxd8 30. Qxf7 Be7 31. Bxf5 Rb8 32. Qg8+ Kc7 33. Qe6
Bg5 34. Qd7+ Kb6 35. Rb1+ Ka6 36. Rxb8 1-0

[Event "Frauenbundesliga 2011-12"]
[Site "Germany GER"]
[Date "2011.11.26"]
[Round "3.1"]
[White "Worek, Joanna"]
[Black "Paehtz, Elisabeth"]
[Result "1/2-1/2"]
[WhiteElo "2265"]
[BlackElo "2461"]
[PlyCount "36"]
[EventDate "2011.10.29"]
[EventType "team-tourn"]
[EventCountry "GER"]
[WhiteTeamCountry "GER"]
[BlackTeamCountry "GER"]

1. c4 b6 2. Nc3 Bb7 3. d4 e6 4. a3 f5 5. d5 Nf6 6. g3 Na6 7. Bg2 Bd6 8. Nh3 O-O
9. Bg5 Be5 10. Rc1 Qe8 11. O-O Nc5 12. Bxf6 Bxf6 13. b4 Bxc3 14. Rxc3 Ne4 15.
Re3 b5 16. dxe6 dxe6 17. cxb5 Qxb5 18. Qc2 Qb6 1/2-1/2

[Event "Frauenbundesliga 2011-12"]
[Site "Germany GER"]
[Date "2011.11.26"]
[Round "3.3"]
[White "Leks, Maria"]
[Black "Paikidze, Nazi"]
[Result "0-1"]
[WhiteElo "2108"]
[BlackElo "2412"]
[PlyCount "146"]
[EventDate "2011.10.29"]
[EventType "team-tourn"]
[EventCountry "GER"]
[WhiteTeamCountry "GER"]
[BlackTeamCountry "GER"]

1. e4 c5 2. Nf3 d6 3. d4 cxd4 4. Nxd4 Nf6 5. Nc3 a6 6. Be2 e5 7. Nb3 Be7 8. O-O
O-O 9. Re1 Be6 10. Bf3 Qc7 11. a4 Rc8 12. a5 Nbd7 13. Nd2 b5 14. axb6 Nxb6 15.
Nf1 Qb7 16. Ne3 Nc4 17. Nf5 Bf8 18. b3 Nb6 19. Na4 Nxa4 20. Rxa4 d5 21. Bg5
Nxe4 22. Raxe4 dxe4 23. Bxe4 Qb4 24. Bd2 Qb5 25. Bxa8 Rxa8 26. Ne3 Rd8 27. c4
Qb8 28. Re2 Rd3 29. b4 e4 30. c5 f5 31. Qa4 Qc8 32. Nf1 Bc4 33. Re3 Rd8 34. Qc2
Qe6 35. Re1 Bd3 36. Qb2 Bb5 37. Bf4 Rd3 38. Ne3 Be7 39. Qe5 Qxe5 40. Bxe5 g6
41. g3 Kf7 42. Rc1 Ke6 43. Bb8 Kd7 44. Be5 Bg5 45. Rc3 Bxe3 46. fxe3 Rd1+ 47.
Kg2 Rb1 48. Rc2 Rxb4 49. h3 Rb3 50. Bd4 Rd3 51. Rf2 Bc6 52. Ra2 Bb5 53. Rf2 Ke6
54. g4 a5 55. Kg3 a4 56. Rb2 Bc6 57. Kf4 Rd1 58. Rb8 a3 59. Rd8 Bd7 60. Ra8 Kd5
61. gxf5 Rf1+ 62. Kg3 gxf5 63. Kg2 Rd1 64. Rxa3 f4 65. Ra2 f3+ 66. Kh2 Rxd4 67.
exd4 e3 68. Kg3 f2 69. Ra1 Bxh3 70. c6 Kxc6 71. Kf3 f1=Q+ 72. Rxf1 Bxf1 73.
Kxe3 Kd5 0-1

[Event "Frauenbundesliga 2011-12"]
[Site "Germany GER"]
[Date "2011.11.26"]
[Round "3.6"]
[White "Nuber, Helene"]
[Black "Voss, Chantal"]
[Result "1-0"]
[WhiteElo "2060"]
[BlackElo "1898"]
[PlyCount "51"]
[EventDate "2011.10.29"]
[EventType "team-tourn"]
[EventCountry "GER"]
[WhiteTeam "SC Bad Koenigshofen 1957"]
[BlackTeam "TSV Schott Mainz"]
[WhiteTeamCountry "GER"]
[BlackTeamCountry "GER"]

1. e4 e6 2. d4 d5 3. Nd2 Nf6 4. e5 Nfd7 5. Bd3 c5 6. c3 Nc6 7. Ndf3 cxd4 8.
cxd4 f6 9. exf6 Nxf6 10. Nh3 Bd6 11. O-O O-O 12. Re1 Qc7 13. Nhg5 e5 14. dxe5
Nxe5 15. Bxh7+ Kh8 16. Bd3 Bg4 17. h3 Bd7 18. Be3 Rae8 19. Bd4 Qb8 20. Bxe5
Bxe5 21. Bg6 Bxb2 22. Bxe8 Bxa1 23. Bxd7 Bc3 24. Nh4 Bxe1 25. Ng6+ Kg8 26. Be6+
1-0

[Event "Frauenbundesliga 2011-12"]
[Site "Germany GER"]
[Date "2011.11.26"]
[Round "3.1"]
[White "Ohme, Melanie"]
[Black "Seps, Monika"]
[Result "1-0"]
[WhiteElo "2344"]
[BlackElo "2198"]
[PlyCount "75"]
[EventDate "2011.10.29"]
[EventType "team-tourn"]
[EventCountry "GER"]
[WhiteTeamCountry "GER"]
[BlackTeamCountry "GER"]

1. e4 c5 2. Nf3 d6 3. d4 cxd4 4. Nxd4 Nf6 5. Nc3 a6 6. Be3 e5 7. Nf3 Qc7 8. a4
Be7 9. Be2 O-O 10. O-O Nbd7 11. Nd2 Nc5 12. Nc4 Be6 13. Nd5 Bxd5 14. exd5 b5
15. axb5 axb5 16. Na3 b4 17. Nb5 Qb6 18. c4 Nfd7 19. Qd2 b3 20. Kh1 Qb7 21. f4
Rxa1 22. Rxa1 Ra8 23. Rf1 e4 24. Bd4 Ra6 25. Qe3 Bf6 26. Bxf6 Nxf6 27. Nxd6 Qb6
28. Nf5 Ra2 29. Qd4 Na4 30. Qe5 Rxb2 31. c5 Qd8 32. Bb5 Ra2 33. c6 Nb6 34. c7
Qf8 35. d6 b2 36. Qd4 Nfd7 37. Bxd7 Ra1 38. Rxa1 1-0

[Event "Frauenbundesliga 2011-12"]
[Site "Germany GER"]
[Date "2011.11.26"]
[Round "3.2"]
[White "Jussupow, Ekaterina"]
[Black "Levushkina, Elena"]
[Result "0-1"]
[WhiteElo "2162"]
[BlackElo "2324"]
[PlyCount "172"]
[EventDate "2011.10.29"]
[EventType "team-tourn"]
[EventCountry "GER"]
[WhiteTeam "SV Stuttgart Wolfbusch 1956"]
[BlackTeam "Sfr 1891 Friedberg"]
[WhiteTeamCountry "GER"]
[BlackTeamCountry "GER"]

1. d4 d5 2. Nc3 Bf5 3. Bg5 h6 4. Bh4 c6 5. e3 Nd7 6. Bd3 Bxd3 7. cxd3 Ngf6 8.
Nf3 e6 9. O-O Be7 10. Rc1 O-O 11. h3 Re8 12. Bg3 Rc8 13. a3 a5 14. Re1 b5 15.
Re2 Qb6 16. Rec2 Qa6 17. b3 Bxa3 18. Ra1 Bb4 19. Qc1 Qb7 20. Na2 Be7 21. Qd2
Ra8 22. Rac1 Rec8 23. b4 a4 24. Rc3 Nh7 25. R1c2 Nhf8 26. Qc1 Ra6 27. Qe1 Ng6
28. Qc1 Bf8 29. Qe1 Nf6 30. Bh2 Qd7 31. Qc1 Ne8 32. Qe1 Rb6 33. Qc1 f6 34. e4
Nd6 35. Qe1 dxe4 36. dxe4 Nc4 37. Rxc4 bxc4 38. Rxc4 Bd6 39. e5 Be7 40. exf6
Bxf6 41. Nc3 Ra8 42. Qb1 Qe8 43. Ne4 Be7 44. Nc5 a3 45. Qa2 Qf7 46. Bc7 Bxc5
47. dxc5 Rb7 48. Ba5 e5 49. Rc2 Rd7 50. Qxa3 Rd1+ 51. Kh2 e4 52. Ng1 Kh7 53.
Qe3 Qd5 54. Re2 Qe5+ 55. f4 Qa1 56. Rd2 Re8 57. Rxd1 Qxd1 58. Bc7 Qd3 59. Qe2
Ne7 60. Qg4 e3 61. Be5 Ng6 62. Bxg7 Rg8 63. f5 Rxg7 64. fxg6+ Rxg6 65. Qf3 Rg7
66. Ne2 Re7 67. Qf6 Qe4 68. Kg1 Rg7 69. g4 Qd3 70. Qf3 Re7 71. Kg2 Qe4 72.
Qxe4+ Rxe4 73. Kf3 Rxb4 74. Nc1 Rb1 75. Nd3 Rh1 76. Nf4 Kg7 77. Kxe3 Kf6 78.
Ke4 Re1+ 79. Kd4 Kg5 80. Nd3 Rd1 81. Ke4 Kh4 82. Ne5 Re1+ 83. Kf5 Rc1 84. Nxc6
Rxc5+ 85. Ne5 Kxh3 86. Kf6 Rxe5 0-1

[Event "Frauenbundesliga 2011-12"]
[Site "Germany GER"]
[Date "2011.11.26"]
[Round "3.3"]
[White "Daulyte, Deimante"]
[Black "Haecker, Sonja"]
[Result "1-0"]
[WhiteElo "2238"]
[BlackElo "2070"]
[PlyCount "101"]
[EventDate "2011.10.29"]
[EventType "team-tourn"]
[EventCountry "GER"]
[WhiteTeamCountry "GER"]
[BlackTeamCountry "GER"]

1. e4 c5 2. Nf3 Nc6 3. d4 cxd4 4. Nxd4 Nf6 5. Nc3 d6 6. Bc4 e6 7. Be3 a6 8. Qe2
Qc7 9. Bb3 Bd7 10. f3 Na5 11. g4 h6 12. h4 Be7 13. Rg1 O-O-O 14. O-O-O Kb8 15.
g5 hxg5 16. hxg5 Ne8 17. Rh1 Rxh1 18. Rxh1 Rc8 19. Rh8 Nc4 20. Bxc4 Qxc4 21.
Qxc4 Rxc4 22. g6 fxg6 23. Nxe6 Rc8 24. Nd5 Bf6 25. Nb6 Bxe6 26. Nxc8 Kxc8 27.
Rxe8+ Kd7 28. Rh8 d5 29. Rh1 Kc6 30. Rg1 Bf7 31. b3 Kd6 32. Kd2 Ke5 33. Kd3
dxe4+ 34. fxe4 Be8 35. Bd4+ Ke6 36. c4 g5 37. Be3 Ke5 38. Bxg5 Bc6 39. Bxf6+
gxf6 40. Rg4 b6 41. Rh4 Be8 42. Rh7 Kd6 43. Kd4 Bc6 44. Rh6 Ke7 45. e5 fxe5+
46. Kxe5 Kd7 47. Rh7+ Kc8 48. Kd6 Be4 49. Re7 Bb1 50. Kc6 Kd8 51. Re2 1-0

[Event "Frauenbundesliga 2011-12"]
[Site "Germany GER"]
[Date "2011.11.26"]
[Round "3.4"]
[White "Stitterich, Nadine"]
[Black "Nikolova, Adriana"]
[Result "0-1"]
[WhiteElo "2008"]
[BlackElo "2268"]
[PlyCount "94"]
[EventDate "2011.10.29"]
[EventType "team-tourn"]
[EventCountry "GER"]
[WhiteTeam "SV Stuttgart Wolfbusch 1956"]
[BlackTeam "Sfr 1891 Friedberg"]
[WhiteTeamCountry "GER"]
[BlackTeamCountry "GER"]

1. e4 c5 2. Nf3 d6 3. d4 cxd4 4. Nxd4 Nf6 5. Nc3 a6 6. Be2 e5 7. Nb3 Be7 8. O-O
O-O 9. Kh1 Nc6 10. f3 Be6 11. Nd5 a5 12. Be3 Bxd5 13. exd5 Nb4 14. c4 b6 15. a3
Na6 16. Nd2 Nd7 17. Rb1 Bg5 18. Bg1 Bxd2 19. Qxd2 a4 20. Rbe1 f5 21. f4 Nac5
22. Bd1 Ne4 23. Qe3 exf4 24. Qxf4 Qc7 25. Be2 Ne5 26. Rc1 Nc5 27. Qg5 Qd7 28.
Rcd1 Rae8 29. Bxc5 bxc5 30. Bd3 g6 31. h3 Qe7 32. Qd2 Qh4 33. Qf4 Qf6 34. Qf2
Rb8 35. Qc2 Rb3 36. Rfe1 Rfb8 37. Bf1 f4 38. Rb1 f3 39. Qf2 fxg2+ 40. Qxg2 Rf3
41. b4 axb3 42. Rb2 Rf8 43. Be2 Rf2 44. Qe4 Rf4 45. Qe3 Qh4 46. Rg1 Rf3 47.
Bxf3 Rxf3 0-1

[Event "Frauenbundesliga 2011-12"]
[Site "Germany GER"]
[Date "2011.11.26"]
[Round "3.5"]
[White "Genova, Lyubka"]
[Black "Erben, Larissa"]
[Result "1-0"]
[WhiteElo "2259"]
[BlackElo "2035"]
[PlyCount "63"]
[EventDate "2011.10.29"]
[EventType "team-tourn"]
[EventCountry "GER"]
[WhiteTeamCountry "GER"]
[BlackTeamCountry "GER"]

1. e4 c5 2. Nf3 e6 3. d4 cxd4 4. Nxd4 Nc6 5. Nb5 d6 6. c4 Nf6 7. N5c3 b6 8. g3
Bb7 9. Bg2 Be7 10. O-O O-O 11. Re1 Re8 12. b3 Nd7 13. Bb2 Nc5 14. Na3 Nb4 15.
Re3 Bg5 16. f4 Bf6 17. Nab5 d5 18. e5 Be7 19. a3 a6 20. axb4 axb5 21. cxd5 exd5
22. Nxd5 Rxa1 23. Bxa1 Bxd5 24. Bxd5 Na6 25. Rd3 Qc8 26. Qh5 g6 27. Bxf7+ Kxf7
28. Qxh7+ Kf8 29. Qh8+ Kf7 30. e6+ Kxe6 31. Qe5+ Kf7 32. Qg7+ 1-0

[Event "Frauenbundesliga 2011-12"]
[Site "Germany GER"]
[Date "2011.11.26"]
[Round "3.6"]
[White "Weng, Annegret"]
[Black "Toth, Lili"]
[Result "1/2-1/2"]
[WhiteElo "2141"]
[BlackElo "2216"]
[PlyCount "58"]
[EventDate "2011.10.29"]
[EventType "team-tourn"]
[EventCountry "GER"]
[WhiteTeam "SV Stuttgart Wolfbusch 1956"]
[BlackTeam "Sfr 1891 Friedberg"]
[WhiteTeamCountry "GER"]
[BlackTeamCountry "GER"]

1. e4 c6 2. d4 d5 3. f3 dxe4 4. fxe4 e5 5. Nf3 exd4 6. Bc4 Be6 7. Bxe6 fxe6 8.
Qxd4 Qxd4 9. Nxd4 e5 10. Ne6 Na6 11. Nxf8 Kxf8 12. O-O+ Nf6 13. Bg5 Kf7 14. Nd2
Rhe8 15. Rf5 h6 16. Bh4 Kg6 17. Raf1 Re6 18. Nc4 Rae8 19. Bg3 Nc5 20. Nxe5+ Kh7
21. Nd3 Ncxe4 22. Bf2 Nxf2 23. R5xf2 b6 24. h3 c5 25. b3 R8e7 26. Nf4 Rd6 27.
Nd3 Rde6 28. Nf4 Rd6 29. Nd3 Rde6 1/2-1/2